000 00247nam a2200109Ia 4500
008 190216s9999||||xx |||||||||||||| ||und||
100 _aNull
245 0 _aHindi-Ye Din Ke Lok
260 _bMac Millian And Com. Ltd
650 _aHindi
942 _cBK
999 _c15448
_d15448